Mission possible : (Record no. 2788)

MARC details
000 -LEADER
fixed length control field 00529nam a2200181Ia 4500
003 - CONTROL NUMBER IDENTIFIER
control field GBCCL
005 - DATE AND TIME OF LATEST TRANSACTION
control field 20241126110439.0
008 - FIXED-LENGTH DATA ELEMENTS--GENERAL INFORMATION
fixed length control field 170920b xxu||||| |||| 00| 0 eng d
020 ## - INTERNATIONAL STANDARD BOOK NUMBER
International Standard Book Number 9780473283766
040 ## - CATALOGING SOURCE
Transcribing agency gbc
082 ## - DEWEY DECIMAL CLASSIFICATION NUMBER
Classification number 266.00954
Item number DAV
100 ## - MAIN ENTRY--PERSONAL NAME
Personal name David, Ravi
9 (RLIN) 5884
245 ## - TITLE STATEMENT
Title Mission possible :
Remainder of title chalenges for Indian Christian mission leaders in the twenty-first century
260 ## - PUBLICATION, DISTRIBUTION, ETC.
Name of publisher, distributor, etc. Ravi David ,
Place of publication, distribution, etc. Bangalore :
Date of publication, distribution, etc. 2014
300 ## - PHYSICAL DESCRIPTION
Extent 206p.
650 ## - SUBJECT ADDED ENTRY--TOPICAL TERM
Topical term or geographic name entry element Missions
Form subdivision leadership
Geographic subdivision India
9 (RLIN) 5881
942 ## - ADDED ENTRY ELEMENTS (KOHA)
Edition 1
Source of classification or shelving scheme Dewey Decimal Classification
Koha item type Books
Koha issues (borrowed), all copies 9
Holdings
Withdrawn status Lost status Source of classification or shelving scheme Damaged status Not for loan Home library Current Library Shelving location Date acquired Total checkouts Total renewals Full call number Barcode Date last seen Date last checked out Copy number Price effective from Koha item type
    Dewey Decimal Classification     GRACE BIBLE COLLEGE GRACE BIBLE COLLEGE Ministry & Mission 2017-09-20 10 1 266.00954 DAV 011765 2026-01-28 2026-01-21 c.1 2017-09-20 Books
    Dewey Decimal Classification     GRACE BIBLE COLLEGE GRACE BIBLE COLLEGE Ministry & Mission 2024-09-20     266.00954 DAV 020800 2025-05-01   c.2 2024-09-20 Books
© Grace Bible College Library 2025